Hydrogeology and water quality of the Nutmeg Valley area, Wolcott and Waterbury, Connecticut /

Bibliographic Details
Main Author: Mullaney, John R.
Corporate Authors: Wolcott (Conn. : Town), United States. Environmental Protection Agency, Geological Survey (U.S.)
Other Authors: Mondazzi, Remo A., Stone, Janet Radway
Format: Government Document Book
Language:English
Published: East Hartford, Conn. : U.S. Dept. of the Interior, U.S. Geological Survey ; 1999.
Series:Water-resources investigations report ; 99-4081.
Subjects:

MARC

Tag First Indicator Second Indicator Subfields
LEADER 00000cam a2200000 a 4500
001 in00000005670
005 20150927150011.0
008 990719s1999 ctuab b f000 0 eng d
035 |a (OCoLC)41900371 
035 |9 AJJ6504AM 
040 |d GPO  |d DLC  |d MvI  |d UtOrBLW 
043 |a n-us-ct 
049 |a UDOC 
074 |a 0624-B 
086 0 |a I 19.42/4:99-4081 
100 1 |a Mullaney, John R. 
245 1 0 |a Hydrogeology and water quality of the Nutmeg Valley area, Wolcott and Waterbury, Connecticut /  |c by John R. Mullaney, Remo A. Mondazzi, and Janet Radway Stone ; prepared in cooperation with the Town of Wolcott, Connecticut and the U.S. Environmental Protection Agency. 
264 1 |a East Hartford, Conn. :  |b U.S. Dept. of the Interior, U.S. Geological Survey ;  |c 1999. 
264 2 |a Denver, CO :  |b Branch of Information Services [distributor], 
300 |a vi, 90 pages :  |b illustrations (some color), maps (some color) ;  |c 28 cm. 
336 |a text  |b txt  |2 rdacontent 
337 |a unmediated  |b n  |2 rdamedia 
338 |a volume  |b nc  |2 rdacarrier 
490 1 |a Water-resources investigations report ;  |v 99-4081 
500 |a Shipping list number: 99-0303-P. 
500 |a Two maps on 2 folded leaves in pocket. 
504 |a Includes bibliographical references (pages 61-62). 
650 0 |a Hydrogeology  |z Connecticut  |z Wolcott (Town) 
650 0 |a Hydrogeology  |z Connecticut  |z Waterbury. 
650 0 |a Water quality  |z Connecticut  |z Wolcott (Town) 
650 0 |a Water quality  |z Connecticut  |z Waterbury. 
650 0 |a Groundwater  |x Pollution  |z Connecticut  |z Wolcott (Town) 
650 0 |a Groundwater  |x Pollution  |z Connecticut  |z Waterbury. 
700 1 |a Mondazzi, Remo A. 
700 1 |a Stone, Janet Radway. 
710 1 |a Wolcott (Conn. : Town) 
710 1 |a United States.  |b Environmental Protection Agency. 
710 2 |a Geological Survey (U.S.) 
830 0 |a Water-resources investigations report ;  |v 99-4081. 
999 |a MARS 
999 f f |s 818dbd74-5824-3f46-b82c-7c8eb1c2a23d  |i c37cd86c-17f2-3b37-a1f1-afa430c22525  |t 0 
952 f f |p normal  |a Texas A&M University  |b College Station  |c Sterling C. Evans Library  |d Evans: US Documents (Annex 5th floor)  |t 0  |e I 19.42/4:99-4081  |h Superintendent of Documents classification  |i unmediated -- volume  |m A14824276345 
998 f f |a I 19.42/4:99-4081  |t 0  |l Evans: US Documents (Annex 5th floor)